| 000 | 00758nam a2200193 4500 | ||
|---|---|---|---|
| 001 | 117298 | ||
| 003 | ES-MaACL | ||
| 005 | 20250808063524.0 | ||
| 007 | t| | ||
| 008 | 071121q1944 sp r ||||1| spa d | ||
| 100 | 1 |
_aPeña Yáñez, Julián _990295 |
|
| 245 | 1 | 0 |
_aTratamiento quimioterápico de las infecciones tifico-paratíficas y disentería bacilar _b: 1ª comunicación : estudios `in vitro` / _cpor Julián Peña Yáñez. |
| 260 |
_a[s.l.] : _b[s.n.], _c[1944?] |
||
| 300 |
_a14 h. ; _c24 cm. |
||
| 500 | _aEs separata de Trabajos del Instituto Nacional de Ciencias Médicas, tomos III, 1944. | ||
| 710 | 2 |
_aInstituto Nacional de Ciencias Médicas (España) _95146 |
|
| 852 |
_aES-MaACL _j1908-F-8 _bR.29181 |
||
| 999 |
_c117298 _d117298 |
||